000 00768nam a2200217Ia 4500
003 GCL
008 140319s9999 xx 000 0 ara d
040 _aGCL /
_cGCL
082 0 4 _aد
_b050
_bد هـ
245 1 0 _aالهلال اغسطس2005 : د0 محمد مندور الغائب الحاضر
250 _aالاولى
260 _aالقاهرة :
_bدار الهلال للطباعة والنشر ،
_c2005
650 0 4 _aالقصص البوليسية
650 0 4 _aالابداع الادبى والفنى
650 0 4 _aمحمد عبده (الامام)
650 0 4 _aالنقاد والجماهيرية
650 0 4 _aالمسرح - تاريخ ونقد
650 0 4 _aطه حسين - تاريخ ونقد
650 0 4 _aمحمد مندور
942 _2ddc
_cCR
999 _c7744
_d7744